[Event "AUT-ch U14"]
[Site "St Veit"]
[Date "2016.05.16"]
[Round "5"]
[White "Faderbauer, Noah"]
[Black "Prato, Simon"]
[Result "0-1"]
[WhiteElo "1593"]
[BlackElo "1936"]
[PlyCount "108"]
[EventDate "2016.05.14"]
[EventType "swiss"]
[EventRounds "7"]
[EventCountry "AUT"]
[SourceTitle "CBM 172 Extra"]
[Source "ChessBase"]
[SourceDate "2016.06.21"]
[SourceVersion "1"]
[SourceVersionDate "2016.06.21"]
[SourceQuality "1"]

1. e4 c5 2. c3 Nf6 3. Qc2 Qc7 4. Na3 a6 5. Nf3 d6 6. d3 g6 7. Bf4 Bg7 8. Be2 0-0 9. 0-0 Nbd7 10. Qd2 Rd8 11. Rac1 b5 12. Bd1 Bb7 13. Re1 Qc6 14. Bc2 e5 15. Bg3 d5 16. Qe2 dxe4 17. dxe4 Qe6 18. Bb1 Nh5 19. Bh4 Nf4 20. Qf1 Nf6 21. Ng5 Qg4 22. Nf3 g5 23. Bg3 N6h5 24. h3 Nxh3+ 25. gxh3 Qxf3 26. Re3 Qf6 27. Rd1 c4 28. Re2 Nf4 29. Red2 Rxd2 30. Rxd2 Rd8 31. Rxd8+ Qxd8 32. Bxf4 gxf4 33. Bc2 Qd2 34. Qd1 Qxd1+ 35. Bxd1 Bxe4 36. f3 Bf5 37. Kg2 Bf8 38. Nc2 Kg7 39. Nb4 Bxb4 40. cxb4 Bd3 41. Kf2 f5 42. a3 Kf6 43. a4 Kg5 44. Kg2 Kh4 45. Kh2 e4 46. fxe4 fxe4 47. Bg4 e3 48. Kg2 Be4+ 49. Kf1 f3 50. axb5 axb5 51. Bd7 Kg3 52. Bxb5 Bd3+ 53. Kg1 f2+ 54. Kh1 Be4# 0-1

[Event "AUT-ch U14"]
[Site "St Veit"]
[Date "2016.05.14"]
[Round "2"]
[White "Morgunov, Daniel"]
[Black "Faderbauer, Noah"]
[Result "1-0"]
[WhiteElo "2085"]
[BlackElo "1593"]
[PlyCount "77"]
[EventDate "2016.05.14"]
[EventType "swiss"]
[EventRounds "7"]
[EventCountry "AUT"]
[SourceTitle "CBM 172 Extra"]
[Source "ChessBase"]
[SourceDate "2016.06.21"]
[SourceVersion "1"]
[SourceVersionDate "2016.06.21"]
[SourceQuality "1"]

1. e4 e5 2. Nf3 Nc6 3. Bb5 a6 4. Ba4 b5 5. Bb3 Nf6 6. Qe2 Bc5 7. a4 Rb8 8. axb5 axb5 9. 0-0 0-0 10. c3 d6 11. Rd1 Qe7 12. d4 Bb6 13. d5 Na5 14. Bc2 c6 15. b4 Nc4 16. dxc6 Qc7 17. h3 Qxc6 18. Bg5 d5 19. exd5 Nxd5 20. Qe4 Qg6 21. Qxg6 hxg6 22. Rxd5 f6 23. Bc1 Be6 24. Rd1 g5 25. Nbd2 Nd6 26. Ne4 Nc4 27. Nd6 Rfd8 28. Nxc4 Rxd1+ 29. Bxd1 Bxc4 30. Be3 Bxe3 31. fxe3 Rd8 32. Bc2 Be2 33. Kf2 Bxf3 34. Kxf3 Rd2 35. Bg6 Rd8 36. Ra7 Rb8 37. Ke4 Rb7 38. Ra8+ Rb8 39. Rxb8# 1-0

[Event "AUT-ch U14"]
[Site "Woerth"]
[Date "2015.05.25"]
[Round "6.8"]
[White "Faderbauer, Noah"]
[Black "Pellizzari, Sebastian"]
[Result "1/2-1/2"]
[WhiteElo "1229"]
[BlackElo "1587"]
[PlyCount "59"]
[EventDate "2015.05.23"]
[EventType "swiss"]
[EventRounds "7"]
[EventCountry "AUT"]
[SourceTitle "EXT 2024"]
[Source "ChessBase"]
[SourceDate "2023.10.10"]
[SourceVersion "1"]
[SourceVersionDate "2023.10.10"]
[SourceQuality "1"]

1. e4 e6 2. d4 d5 3. exd5 exd5 4. Bd3 c6 5. Nc3 Nf6 6. Bf4 Be7 7. Nf3 Bg4 8. Be2 0-0 9. 0-0 Nbd7 10. Ne5 Nxe5 11. Bxe5 Bf5 12. Bd3 Qd7 13. Qf3 Bxd3 14. Qxd3 Rfe8 15. Rfe1 Qd8 16. Ne2 Nd7 17. Bf4 Bf6 18. c3 Nb6 19. b3 a5 20. Qg3 Nd7 21. Be3 a4 22. Nf4 Nf8 23. Nh5 axb3 24. axb3 Rxa1 25. Rxa1 Ng6 26. Nxf6+ Qxf6 27. Qg5 Qe6 28. Qg3 Qd7 29. h3 h6 30. Ra7 1/2-1/2

[Event "AUT-ch U14"]
[Site "Woerth"]
[Date "2015.05.25"]
[Round "5.7"]
[White "Prato, Simon"]
[Black "Faderbauer, Noah"]
[Result "1-0"]
[WhiteElo "1649"]
[BlackElo "1229"]
[PlyCount "83"]
[EventDate "2015.05.23"]
[EventType "swiss"]
[EventRounds "7"]
[EventCountry "AUT"]
[SourceTitle "EXT 2024"]
[Source "ChessBase"]
[SourceDate "2023.10.10"]
[SourceVersion "1"]
[SourceVersionDate "2023.10.10"]
[SourceQuality "1"]

1. e4 e5 2. Nf3 Nc6 3. Bb5 a6 4. Bxc6 dxc6 5. 0-0 Qf6 6. d3 Ne7 7. Be3 Ng6 8. Bg5 Qe6 9. Nbd2 Bd6 10. Re1 h6 11. Be3 0-0 12. Nf1 Bd7 13. Ng3 Qe7 14. Qd2 f5 15. exf5 Bxf5 16. Nxf5 Rxf5 17. a3 Re8 18. Qc3 Qd7 19. Qb3+ Qf7 20. Qxf7+ Rxf7 21. Nd2 Rfe7 22. Ne4 Nf4 23. g3 Nd5 24. Re2 Kh7 25. Rae1 Re6 26. Bc1 Kg6 27. Nd2 b5 28. Nf3 R6e7 29. Nh4+ Kf6 30. Re4 Re6 31. Kg2 g5 32. Nf3 c5 33. h4 c6 34. hxg5+ hxg5 35. Bxg5+ Kg6 36. Rh1 Kg7 37. Nh4 Ne7 38. Bxe7 Bxe7 39. Nf5+ Kf6 40. Rh6+ Kxf5 41. g4+ Kg5 42. Rxe6 1-0

[Event "AUT-ch U14"]
[Site "Woerth"]
[Date "2015.05.24"]
[Round "3.9"]
[White "Pawlik, Noel"]
[Black "Faderbauer, Noah"]
[Result "0-1"]
[WhiteElo "1620"]
[BlackElo "1229"]
[PlyCount "84"]
[EventDate "2015.05.23"]
[EventType "swiss"]
[EventRounds "7"]
[EventCountry "AUT"]
[SourceTitle "EXT 2024"]
[Source "ChessBase"]
[SourceDate "2023.10.10"]
[SourceVersion "1"]
[SourceVersionDate "2023.10.10"]
[SourceQuality "1"]

1. d4 d5 2. c4 c6 3. Nc3 Nf6 4. Bg5 Nbd7 5. Nf3 e6 6. e3 Qa5 7. a3 Ne4 8. Rc1 dxc4 9. Bf4 Ndf6 10. Qc2 Bd6 11. Bxd6 Nxd6 12. Ne5 b5 13. Nxc6 Qc7 14. Ne5 0-0 15. g3 Bb7 16. Rg1 Nfe4 17. Bg2 Nxc3 18. Bxb7 Qxb7 19. bxc3 f6 20. Ng4 h5 21. Nh6+ gxh6 22. g4 Qe4 23. Qe2 Kf7 24. g5 hxg5 25. Qxh5+ Qg6 26. Qf3 Ke7 27. h4 Qe4 28. Qh3 Qxh4 29. Qf3 Qe4 30. Qg3 Rh8 31. Ke2 Rh4 32. Kd2 Qd3+ 33. Ke1 Rah8 34. Qg2 Ne4 35. Rd1 Qxc3+ 36. Kf1 Qxa3 37. f3 Nc3 38. Re1 Nd5 39. Qg3 Nxe3+ 40. Kf2 Rh2+ 41. Rg2 Rxg2+ 42. Qxg2 Nxg2 0-1

[Event "AUT-ch U10"]
[Site "Schladming"]
[Date "2012.06.08"]
[Round "1.9"]
[White "Leisch, Lukas"]
[Black "Faderbauer, Noah"]
[Result "1-0"]
[WhiteElo "1366"]
[BlackElo "1124"]
[PlyCount "93"]
[EventDate "2012.06.08"]
[EventType "swiss"]
[EventRounds "7"]
[EventCountry "AUT"]
[SourceTitle "EXT 2024"]
[Source "ChessBase"]
[SourceDate "2023.10.10"]
[SourceVersion "1"]
[SourceVersionDate "2023.10.10"]
[SourceQuality "1"]

1. e4 e5 2. Nf3 Nc6 3. Bc4 Nf6 4. d3 d5 5. exd5 b5 6. Bxb5 Qxd5 7. Bc4 Qc5 8. Qe2 Be6 9. Bxe6 fxe6 10. c3 0-0-0 11. 0-0 Re8 12. Be3 Qe7 13. Nbd2 Qf7 14. Ne4 Qh5 15. Nxf6 gxf6 16. Nd4 Qxe2 17. Nxe2 a5 18. d4 exd4 19. Nxd4 Nxd4 20. Bxd4 e5 21. Rfe1 Bd6 22. Be3 h5 23. Rad1 h4 24. Rd5 Rhg8 25. Rxa5 h3 26. g3 e4 27. Ra8+ Kd7 28. Rxe8 Kxe8 29. Bd4 f5 30. Be3 f4 31. Bxf4 Bxf4 32. Rxe4+ Kd7 33. Rxf4 Re8 34. Kf1 c5 35. Rh4 Ra8 36. a3 Rb8 37. b4 cxb4 38. axb4 Rc8 39. c4 Rc7 40. Rh7+ Kd6 41. Rxc7 Kxc7 42. f4 Kd6 43. b5 Kc5 44. g4 Kxc4 45. b6 Kd4 46. b7 Ke4 47. b8Q 1-0